00755 2200277 4500001002100000005001500021007000300036008004100039035002000080040001700100041000800117082001100125084001700136090001800153100002400171245006700195250001100262264004500273300004000318336002100358337003000379338002300409650001300432850001000445990002200455INLIS00000000000493320260516081856ta260516 0  a0010-0222000023 aSBPUPADbind aind a2x6.12 a2x6.12 MUD p a301 FAT s 6-50 aMudzakirePengarang1 aPetunjuk Teknis Pembinaan Gerakan Keluarga Sakinah /cMudzakir a.-Cet. a.--Jakarta :bDepartemen Agama RI,c2006 av, 104 Hal. :billus. ;c14 x 21 cm 2rdacontentaTeks 2rdamediaaTanpa Perantara 2rdacarrieraVolume 4aKeluarga aPUPAD a12084/H/KAPD/2010